000 01270nam0a22002771 4500
001 rc\4561850
005 20260407164446.0
021 _aRU
_bРг4675-59
035 _a(NLR Aleph) 008370159
090 _a9052581
_c9052581
100 _a20130416d1959 |||y0rusy50 ca
101 0 _arus
102 _aRU
105 _aa z |||||
200 1 _aПередовой опыт работы паровозной бригады старшего машиниста А.П. Мищенко
_fСовет нар. хозяйства Днепропетровск. экон. адм. района. Никопольск. южнотрубный завод. Лаборатория организации производства и труда
210 _aНикополь
_cБ. и.
_d1959
215 _a12 с.
_cил.
_d20
300 _aНа обороте тит. л. сост.: техн. И.Н. Лопатин
700 1 _aЛопатин
_bИ.Н.
_4220
702 1 _aМищенко
_bА.П.
_gАлексей Петрович
_4570
712 0 2 _aНикопольский южнотрубный металлургический завод
_3RU\NLR\AUTH\8810103670
_9707871
801 0 _aRU
_bNLR
_gpsbo
801 1 _aRU
_bELAR
_2rusmarc
852 _aNLR
_j59-4/11541
942 _cBOOK
980 _aNB